Household formation in Scotland (Record no. 110883)
[ view plain ]
| 000 -LEADER | |
|---|---|
| fixed length control field | 01163cad a22002175a 4500 |
| 001 - CONTROL NUMBER | |
| control field | E150463 |
| 008 - FIXED-LENGTH DATA ELEMENTS--GENERAL INFORMATION | |
| fixed length control field | 100716s2010 xxk f s000 0 eng d |
| 020 ## - INTERNATIONAL STANDARD BOOK NUMBER | |
| International Standard Book Number | 9870755994830 |
| 035 ## - SYSTEM CONTROL NUMBER | |
| System control number | (Sirsi) u150463 |
| 041 0# - LANGUAGE CODE | |
| Language code of text/sound track or separate title | eng |
| 110 2# - MAIN ENTRY--CORPORATE NAME | |
| Corporate name or jurisdiction name as entry element | Scotland |
| Subordinate unit | Scottish Government |
| 9 (RLIN) | 5344 |
| 245 00 - TITLE STATEMENT | |
| Title | Household formation in Scotland |
| Remainder of title | what does it mean for housing policy? |
| Medium | [electronic resource] |
| 260 ## - PUBLICATION, DISTRIBUTION, ETC. | |
| Place of publication, distribution, etc. | [Edinburgh] |
| Name of publisher, distributor, etc. | Scottish Government |
| Date of publication, distribution, etc. | 2010 |
| 490 #0 - SERIES STATEMENT | |
| Series statement | Analytical Paper Series |
| 520 ## - SUMMARY, ETC. | |
| Summary, etc. | Looks at the demographic factors that have affected household structure and formation, and discusses how these factors have changed over time. The information, taken from General Registrar for Scotland data, will then be used to inform future housing policy. Fcators considered include the increase in single-person households, decreases in the number of marriages and the increase in divorce. |
| 590 ## - LOCAL NOTE (RLIN) | |
| Local note | KA |
| 651 #4 - SUBJECT ADDED ENTRY--GEOGRAPHIC NAME | |
| Geographic name | Scotland |
| Chronological subdivision | 1999- |
| 690 ## - LOCAL SUBJECT ADDED ENTRY--TOPICAL TERM (OCLC, RLIN) | |
| Topical term or geographic name as entry element | PROPERTY-RESIDENTIAL PROPERTY-DOMESTIC RESIDENTIAL PROPERTY-HOUSING |
| 856 40 - ELECTRONIC LOCATION AND ACCESS | |
| Uniform Resource Identifier | <a href="https://www.scotland.gov.uk/Publications/2010/07/13084549/0">https://www.scotland.gov.uk/Publications/2010/07/13084549/0</a> |
| Public note | View the report free of charge at www.scotland.gov.uk |
| 942 ## - ADDED ENTRY ELEMENTS (KOHA) | |
| Suppress in OPAC | 0 |
| Withdrawn status | Lost status | Source of classification or shelving scheme | Damaged status | Not for loan | Home library | Current library | Shelving location | Date acquired | Total Checkouts | Full call number | Barcode | Date last seen | Copy number | Price effective from | Koha item type |
|---|---|---|---|---|---|---|---|---|---|---|---|---|---|---|---|
| Dewey Decimal Classification | Virtual | Virtual | Online | 16/07/2010 | ONLINE PUBLICATION | 150463-2001 | 06/08/2019 | 1 | 06/08/2019 | Book |